Aplicación de la microscopía óptica y electrónica de barrido al estudio de los procesos de alteración diagenética de rocas volcanoclásticas
Guardado en:
| Hovedforfatter: | |
|---|---|
| Andre forfattere: | , |
| Format: | Bog |
| Sprog: | Spanish |
| Udgivet: |
Madrid, España: Centro de Estudios y Experimentación de Obras Públicas. Departamento de Información y Documentación
1981
|
| Serier: | Cuadernos de Investigación
|
| Tags: |
Tilføj Tag
Ingen Tags, Vær først til at tagge denne postø!
|
MARC
| LEADER | 00000nam a2200000Ia 4500 | ||
|---|---|---|---|
| 003 | 003355 | ||
| 005 | 20221231144003.0 | ||
| 008 | 140114s1981 sp a 000 ||spa d | ||
| 040 | |c cru CEDI | ||
| 082 | |a 552.8 S741a | ||
| 100 | |a Soriano, Jesús |9 21775 | ||
| 245 | |a Aplicación de la microscopía óptica y electrónica de barrido al estudio de los procesos de alteración diagenética de rocas volcanoclásticas | ||
| 260 | |a Madrid, España: Centro de Estudios y Experimentación de Obras Públicas. Departamento de Información y Documentación |c 1981 | ||
| 300 | |a 30 páginas :iustraciones | ||
| 440 | |a Cuadernos de Investigación |n C1 |9 21778 | ||
| 700 | |9 21776 |a Peña Blasco, José Andrés de la | ||
| 700 | |9 21777 |a Marfil Pérez, Rafaela | ||
| 942 | |2 ddc |c BK | ||
| 999 | |c 15207 |d 15207 | ||
